=LDR 00000nam 2200000 4500 =001 INLIS000000000008210 =005 20240308100046 =035 ##$$a 0010-061300000008210 =008 240308################g##########0#ind## =041 ##$$a Ind =082 ##$$a 634 =090 ##$$a 634, mem m =100 ##$$a Saptarini N =245 1#$$a membuat tanaman cepat berbuah, /$c Saptarini N, Eti Widayati =260 ##$$a Jakarta :$b Penebar Swadaya,$c 2002 =300 ##$$a viii, 72 hlm. : $b ilus. ; $c 14x21 cm =650 #4$$a Buah-buahan =700 #$$a Widayati, Eti =850 ##$$a NBPNMAT =084 ##$$a 634 SAP m =990 ##$$a 0001/BPAP-NTB/2016 =990 ##$$a 07810781 =990 ##$$a 30709494 =990 ##$$a 0001/BPAP-NTB/2016